000 00809nam a2200265Ia 4500
003 OSt
005 20221005093854.0
006 a|||||r|||| 00| 0
007 ta
008 221004b |||||||| |||| 00| 0 eng d
020 _a1845202341 (hbk)
_c1464.36
024 _a86735
037 _b9194, 30/03/2007, Overseas Press
_cTextual
040 _aCRL
_cCRL
_beng
041 _2eng
_aeng
082 _aYxN30:g(N), P7
100 _aGrenfell Michael
_9273841
245 0 _aArt Rules Pierre Bourdieu and the visual arts
260 _aOxford
_bBerg U.K.
_c2007
300 _axii,212p
_ccm.
650 _aSOCIOLOGY
700 _a Hardy Cheryl
_9618776
942 _hYxN30:g(N), P7
_cTEXL
_2cc
999 _c1001042
_d1001042